Využitie konceptu bankopoistenia pri poskytovaní úverov bakalárska práca

Gespeichert in:
Bibliographische Detailangaben
1. Verfasser: Drugda, Milan
Körperschaft: Národohospodárska fakulta EU. Katedra bankovníctva a medzinárodných financií
Weitere Verfasser: Töröková, Zuzana
Format: Buch
Sprache:Slowakisch
Veröffentlicht: Bratislava 2014
Tags: Tag hinzufügen
Keine Tags, Fügen Sie das erste Tag hinzu!

MARC

LEADER 00000nbm a2200000 4500
001 0205895
005 20161214151138.3
041 0 |a slo 
044 |a SK 
245 1 0 |a Využitie konceptu bankopoistenia pri poskytovaní úverov  |b bakalárska práca  |c Milan Drugda ; školiteľ: Zuzana Töröková 
264 1 |a Bratislava  |c 2014 
300 |a 56 s. 
100 1 |a Drugda, Milan 
700 1 |a Töröková, Zuzana 
710 2 |a Národohospodárska fakulta EU. Katedra bankovníctva a medzinárodných financií